000 00760nam a2200229Ii 4500
003 JO-AjNU
008 230605s9999||||xx |||||||||||||| ||und||
017 _a2004/7/1756
040 _aJO-AjNU
_bara
_erda
_cJO-AjNU
041 _aara
050 1 4 _aPJ7816 2004
100 3 _aالبتيري، علي,
_eauthor
_948748
245 0 0 _aشبابيك أتعبها الانتظار
250 _aط1
264 3 1 _aعمان: وزارة الثقافة، 2004
300 _a157ص
336 _atext
_btxt
_2rdacontent
337 _aunmediated
_bn
_2rdamedia
338 _avolume
_bnc
_2rdacarrier
490 0 _aسلسلة كتب شهرية /وزارة الثقافة/الاردن
650 4 _aالشعر العربي -العصر الحديث - الاردن
_948749
999 _aA21369
_c24937
_d24937